000 01057 a2200229 4500
001 3833
005 20260407155430.0
008 260407a1991 arg spa d
003 AR-UNSa-BCEJYS
040 _aAR-UNSa-BCEJYS
_bspa
_cAR-UNSa-BCEJYS
080 _a(038)339.5
_xDiccionario de Comercio Internacional
245 1 0 _aDiccionario del comercio exterior
_nDictionary of foreign trade
020 _a950-14-0575-3
250 _a3a. ed.
264 1 _aBuenos Aires :
_bDepalma
_c1991
300 _axii, 328 p.
_c23 cm.
520 _aTerminología económica, comercial, aduanera, marìtima, financiera, bancaria, jurídica, écnica y operativa utilizada en el comercio exterior. Organismos internacionales que cooperan en diferentes áreas del comercio internacional. Terminología bilingue:español e ingles
942 _cBK
590 _aniveau_biblio:m niveau_hierar:0
100 1 _aBudic, Domingo Valentín
856 4 1 _uhttps://t3.gstatic.com/images?q=tbn:ANd9GcR6CuX_8YEDVxUsYbXpuJW7x7o25_z8xzoD3LG-SBclr1tuGBFYKPPLJMs
_yImagen de portada
_qimage/jpeg
999 _c367
_d367